| Tag |
First Indicator |
Second Indicator |
Subfields |
| LEADER |
00000cam a2200000 a 4500 |
| 001 |
in00001234940 |
| 005 |
20151003060918.0 |
| 008 |
901017c19891982mau 000 0 eng d |
| 020 |
|
|
|a 0933876971
|
| 035 |
|
|
|a (OCoLC)22530251
|
| 035 |
|
|
|9 AGS2901AM
|
| 040 |
|
|
|a WMR
|c WMR
|d TXA
|d UtOrBLW
|
| 049 |
|
|
|a TXAM
|
| 090 |
|
|
|a QC983
|b .L825 1989
|
| 092 |
|
|
|a 551.6973
|b L945a, (pb)
|
| 100 |
1 |
|
|a Ludlum, David M.
|q (David McWilliams),
|d 1910-1997.
|
| 245 |
1 |
4 |
|a The American weather book /
|c David M. Ludlum.
|
| 264 |
|
1 |
|a Boston :
|b American Meteorological Society,
|c 1989
|
| 264 |
|
4 |
|c ©1982
|
| 300 |
|
|
|a xvii, 296 pages :
|b illustrations ;
|c 23 cm.
|
| 336 |
|
|
|a text
|b txt
|2 rdacontent
|
| 337 |
|
|
|a unmediated
|b n
|2 rdamedia
|
| 338 |
|
|
|a volume
|b nc
|2 rdacarrier
|
| 500 |
|
|
|a "...originally published in hardcover...and paperback...editions by Houghton Mifflin Company..."
|
| 651 |
|
0 |
|a United States
|x Climate.
|
| 999 |
|
|
|a MARS
|
| 999 |
f |
f |
|s c8d5cf80-2e91-3df8-9b3a-e19471cfb935
|i adfd606f-e9fb-3b08-8e77-d2113700b7f5
|t 0
|
| 952 |
f |
f |
|p ric
|a Texas A&M University
|b Rellis Campus
|c Joint Library Facility
|d Remote Storage
|t 0
|e QC983 .L825 1989
|h Library of Congress classification
|i unmediated -- volume
|m A14806410836
|
| 998 |
f |
f |
|a QC983 .L825 1989
|t 0
|l Remote Storage
|